000 00259nam a22001217a 4500
008 181204b xxu||||| |||| 00| 0 eng d
041 _aeng
080 _a004
100 _a37
101 _aSHK
245 _aComputer Forensics
_cLawrence.o
942 _2udc
_cBK
999 _c52820
_d52820